00395nam a2200157 a 45000010005000000030009000050080041000140400028000550820016000831000032000992450028001312500007001592600032001663000015001986500024002134205CO-ViMGA141112s2004 ck r 000 u spa d aCO-ViMGAbspacCO-ViMGA04aCo864 C111m1 aCaballero Calderón, Lucas10aMemorias de un amnesico a3a aBogotá : bAncora, c1984 a177 p : il14aENSAYOS COLOMBIANOS